00226nam a2200097 a 4500003000200000005001700002008004100019050001800060245003600078500001400114020240731105010.0030502s19uu xx 00 eng d aVHS 300bR 10 aTeachers who make a difference. a2 copies.